The Air Asia story : (Record no. 23334)

MARC details
000 -LEADER
fixed length control field 00758nam a2200265#a 4500
001 - CONTROL NUMBER
control field 01772
003 - CONTROL NUMBER IDENTIFIER
control field HDC
007 - PHYSICAL DESCRIPTION FIXED FIELD--GENERAL INFORMATION
fixed length control field ta
008 - FIXED-LENGTH DATA ELEMENTS--GENERAL INFORMATION
fixed length control field 230623s2008 xx 000 0 eng d
020 ## - INTERNATIONAL STANDARD BOOK NUMBER
International Standard Book Number 9789833789146 (pbk)
040 ## - CATALOGING SOURCE
Original cataloging agency HDC
050 ## - LIBRARY OF CONGRESS CALL NUMBER
Classification number HE9781
Item number .S465 2008
100 ## - MAIN ENTRY--PERSONAL NAME
Personal name Sen, Ze.
245 #4 - TITLE STATEMENT
Title The Air Asia story :
Remainder of title how young airline made it possible for everyone to fly and became a runaway success /
Statement of responsibility, etc. Sen Ze and Jayne Ng.
250 ## - EDITION STATEMENT
Edition statement Rev. ed.
264 ## - PRODUCTION, PUBLICATION, DISTRIBUTION, MANUFACTURE, AND COPYRIGHT NOTICE
Place of production, publication, distribution, manufacture Selangor :
Name of producer, publisher, distributor, manufacturer Kanyin Publications,
Date of production, publication, distribution, manufacture, or copyright notice 2008.
300 ## - PHYSICAL DESCRIPTION
Extent x,214p. :
Other physical details ill. ;
Dimensions 21cm.
650 ## - SUBJECT ADDED ENTRY--TOPICAL TERM
Topical term or geographic name entry element Airlines
Geographic subdivision Malaysia
General subdivision Management.
650 ## - SUBJECT ADDED ENTRY--TOPICAL TERM
Topical term or geographic name entry element Airplanes, Company
Geographic subdivision Malaysia.
700 ## - ADDED ENTRY--PERSONAL NAME
Personal name Ng, Jayne.
942 ## - ADDED ENTRY ELEMENTS (KOHA)
Source of classification or shelving scheme Library of Congress Classification
942 ## - ADDED ENTRY ELEMENTS (KOHA)
Koha item type Book
942 ## - ADDED ENTRY ELEMENTS (KOHA)
Call number prefix HE9781
942 ## - ADDED ENTRY ELEMENTS (KOHA)
Call number suffix .S465 2008
Holdings
Withdrawn status Lost status Source of classification or shelving scheme Damaged status Not for loan Collection Home library Current library Shelving location Date acquired Total checkouts Full call number Barcode Date last seen Price effective from Koha item type
    Library of Congress Classification     Non-fiction Halal Development Corporation Library Halal Development Corporation Library Open Shelves 17/11/2020   HE9781 .S465 2008 HDC0001271 24/05/2023 24/05/2023 Book
Halal Development Corporation Berhad (HDC)
5.02 Level 5, KPMG Tower, First Avenue, Persiaran Bandar Utama, 47800 Petaling Jaya, Selangor Darul Ehsan
Phone: +603 7965 5489 Email: [email protected]